00345nam a2200133Ia 4500008004100000041000800041082001600049100001800065245004500083250001400128260003200142300003000174365000700204240624s9999 xx 000 0 und d aeng a658.406 SAD aSADLER PHILIP aSEAMLESS ORGANIZATION BUILDING THE COMPA a(4th ed.) c2003aNew DelhibKogan Page aiv, : 172 : p. : cm. ; 22 cRS